000
00321nam a22001337a 4500
008
180129b xxu||||| |||| 00| 0 eng d
020
_a
9241561998
041
_a
eng
080
_a
338
100
_a
54
101
_a
MIS
245
_a
Design and implementation health information systems
_c
Lippeveld,Th
942
_2
udc
_c
BK
999
_c
41190
_d
41190